Faresymboler - Statistics

General Stats
  • This quiz has been taken 6 times
  • The average score is 5 of 9
Answer Stats
Picture Answer % Correct
Etsende
100%
Brannfarlig
67%
Eksplosjonsfare
67%
Miljøfare
67%
Oksiderende
67%
Akutt giftig
33%
Gass under trykk
33%
Helsefare
33%
Kronisk helsefare
33%
No matching quizzes found
Score Distribution
Percent of People with Each Score
Percentile by Number Answered
Your Score History
You have not taken this quiz